| 000 | 00555nam a2200229Ia 4500 | ||
|---|---|---|---|
| 005 | 20250425161745.0 | ||
| 008 | 250425s9999 xx 000 0 und d | ||
| 020 | _a9701702794 | ||
| 041 | _aspa | ||
| 082 | _a004.6 | ||
| 100 | _aBAYLES, DEBORAH | ||
| 245 | 0 | _aEXTRANETS: CREACION DE REDES ENTRE SOCIOS COMERCIALES | |
| 250 | _a1A ED. | ||
| 260 | _aMEXICO | ||
| 260 |
_aMéxico _bPRENTICE-HALL _c1999 |
||
| 300 | _a347 | ||
| 650 | _aBASE DE DATOS | ||
| 650 | _aEXTRANET | ||
| 650 | _aREDES DE COMPUTADORAS | ||
| 942 | _c01 | ||
| 010 | _a27898 | ||
| 999 |
_c215498 _d215498 |
||